000 00962nam a2200289 a 4500
003 SISC
005 20160820092606.0
008 121120s19uu xx 00 eng d
020 _a9781742164618
050 _aGT 4890
_b.F47 2011
100 _aAllen, Johnny.
245 _aFestival & special event management /
_cJohnny Allen.
250 _a5th edition.
260 _aMilton, Qld :
_bWiley,
_c2011.
300 _axxi, 585 pages :
_bill. ;
_c25 cm.
440 _aWiley Australia tourism series
500 _aIncludes index.
520 _aThis textbook provides students with an introduction to the principles associated with planning, managing, and staging festivals and special events.
650 _aFestivals
_xManagement
650 _aSpecial events
_xManagement.
650 _aCulture and tourism
_xAustralia
700 _aO'Toole, William
700 _aHarris, Robert
700 _aMcDonnell, Ian
942 _cBK
_2lcc
_kFOR
999 _c22365
_d22365